[Event "AUTO-MASTER-2581"]
[Site "http://www.queenalice.com/game.php?id=1486728"]
[Date "2017.7.20"]
[Round "2"]
[White "clovis"]
[Black "ArnoBlack"]
[Result "0-1"]
[WhiteElo "1957"]
[BlackElo "2129"]

1. e4 e5 2. f4 c6 3. Nf3 exf4 4. Bc4 Qe7 5. d4 d5 6. Bb3 dxe4 7. O-O exf3 8.
Qxf3 g5 9. Nc3 Bg7 10. d5 Nh6 11. dxc6 Nxc6 12. Bd2 O-O 13. h4 Rd8 14. hxg5 Rxd2
15. gxh6 Bd4+ 0-1

[Event "AUTO-MASTER-2601"]
[Site "http://www.queenalice.com/game.php?id=1496701"]
[Date "2017.9.27"]
[Round "2"]
[White "dorjon"]
[Black "ArnoBlack"]
[Result "0-1"]
[WhiteElo "2245"]
[BlackElo "2182"]

1. c4 e5 2. g3 Nc6 3. Bg2 g6 4. Nc3 b6 5. e4 Nge7 6. Nd5 Bg7 7. d3 O-O 8. Ne2
Rb8 9. O-O b5 10. b3 d6 11. Be3 Nd4 12. Rc1 c5 13. Bxd4 cxd4 14. f4 bxc4 15.
dxc4 Nxd5 16. cxd5 f5 17. fxe5 dxe5 18. Rc6 Bb7 19. Re6 fxe4 20. Rxf8+ Kxf8 21.
Qf1+ Kg8 22. Bxe4 Bxd5 23. Bxd5 Qxd5 24. Ra6 d3 0-1

[Event "AUTO-MASTER-2601"]
[Site "http://www.queenalice.com/game.php?id=1496702"]
[Date "2017.9.27"]
[Round "2"]
[White "ArnoBlack"]
[Black "dorjon"]
[Result "0-1"]
[WhiteElo "2212"]
[BlackElo "2226"]

1. e4 c5 2. Nf3 Nc6 3. d4 cxd4 4. Nxd4 Nf6 5. Nc3 Qa5 6. Nb3 Qd8 7. Bb5 d6 8.
O-O g6 9. Nd5 Bg7 10. Bg5 O-O 11. Nxf6+ exf6 12. Bf4 Ne5 13. Qd5 a6 14. Be2 Qb6
15. Rad1 Rd8 16. Be3 Qc6 17. Nd4 Qxd5 18. exd5 Re8 19. c4 Bd7 20. b3 f5 21. h3
f6 22. Rfe1 Nf7 23. Ne6 Bxe6 24. dxe6 Rxe6 25. Bf3 Re7 26. Bd2 Rd7 27. Bb4 Bf8
28. Bd5 Kg7 29. Bc3 f4 30. Re4 g5 31. h4 h6 32. Re6 Ne5 33. Bd4 Rad8 34. a4 g4
35. f3 g3 36. Bb2 h5 37. Rd4 Re7 38. Rxf4 Rxe6 39. Bxe6 Be7 40. Rd4 Kg6 41. f4
Ng4 42. Rd5 Ne3 43. f5+ Kg7 44. Rd3 Ng4 45. Rxg3 d5 46. cxd5 Bd6 47. Rd3 Kf8 48.
Bd4 Ke7 49. Rc3 b5 50. a5 Ne5 51. Bxe5 Bxe5 52. Rc6 Rb8 53. Rxa6 Rb7 54. Bc8 Rc7
55. Be6 Bg3 56. d6+ Bxd6 57. Rb6 Bc5+ 58. Kf1 Bxb6 59. axb6 Rb7 60. Ke1 Rxb6 61.
Kf2 Rb8 62. Kf3 Rd8 63. Kf4 Rd4+ 64. Ke3 Rxh4 65. g3 Rb4 66. Kf3 Kd6 67. Ke2 Ke5
68. Ke3 h4 69. Kf2 hxg3+ 70. Kxg3 Rf4 71. Kh2 Rxf5 72. Bxf5 Kxf5 73. Kg3 Ke4 74.
Kf2 Kd3 0-1

[Event "AUTO-MASTER-2601"]
[Site "http://www.queenalice.com/game.php?id=1496705"]
[Date "2017.9.27"]
[Round "2"]
[White "ArnoBlack"]
[Black "bouley"]
[Result "1-0"]
[WhiteElo "2196"]
[BlackElo "2073"]

1. e4 d5 2. exd5 Qxd5 3. Nf3 Nf6 4. Be2 Bg4 5. Nc3 Qa5 6. O-O e6 7. d4 Bd6 8.
Nb5 O-O 9. Bd2 Qb6 10. c4 c5 11. b4 cxd4 12. c5 Bxc5 13. bxc5 Qxc5 14. Rc1 Qe7
15. Nc7 Nc6 16. Nxa8 Rxa8 17. Nxd4 Nxd4 18. Bxg4 Rd8 19. Re1 Nc6 20. Bf3 Nd4 21.
Be3 Nxf3+ 22. Qxf3 b6 23. Bg5 h6 24. Bxf6 Qxf6 25. Qxf6 gxf6 26. Red1 Re8 27.
Rd7 Kg7 28. Rxa7 Kg6 29. Rb1 Rb8 30. a4 e5 31. a5 b5 32. a6 b4 33. Rb7 1-0

[Event "AUTO-MASTER-2601"]
[Site "http://www.queenalice.com/game.php?id=1496706"]
[Date "2017.9.27"]
[Round "2"]
[White "bouley"]
[Black "ArnoBlack"]
[Result "0-1"]
[WhiteElo "2062"]
[BlackElo "2204"]

1. e4 e5 2. Bc4 Nf6 3. d4 exd4 4. Nf3 Ng8 5. Nxd4 d6 6. Qf3 Qf6 7. Be3 Qxf3 8.
Nxf3 Nd7 9. O-O Ngf6 10. Nbd2 Be7 11. Rfe1 O-O 12. Rad1 Ng4 13. Bd4 Re8 14. h3
Nge5 15. Nxe5 dxe5 16. Be3 Kf8 17. f3 Nc5 18. a3 Na4 19. Rb1 Bd7 20. Ba2 Rad8
21. Nc4 Be6 22. b3 Nc3 23. Rb2 b5 24. Na5 Bxa3 25. Bc1 Bxb2 26. Bxb2 Nxa2 27.
Bxe5 Rd2 28. c3 Bxh3 29. Bxg7+ Kxg7 30. gxh3 Nxc3 31. Nc6 Re6 32. Nxa7 Rg6+ 33.
Kh1 Nd1 0-1

[Event "Challenge"]
[Site "http://www.queenalice.com/game.php?id=1501598"]
[Date "2017.11.2"]
[Round "-"]
[White "tucuman"]
[Black "ArnoBlack"]
[Result "0-1"]
[WhiteElo "1845"]
[BlackElo "2200"]

1. e4 c5 2. c4 Nc6 3. Nc3 g6 4. d3 Bg7 5. Bd2 d6 6. Rb1 f5 7. Nf3 Nf6 8. h3 fxe4
9. dxe4 O-O 10. Bd3 e5 11. O-O Nd4 12. Nxd4 exd4 13. Nd5 Nxd5 14. cxd5 Qh4 15.
Qe2 Be5 16. f3 Qg3 17. f4 Bxf4 18. Rf3 Qh2+ 19. Kf2 Bg3+ 0-1

[Event "Challenge"]
[Site "http://www.queenalice.com/game.php?id=1509007"]
[Date "2017.12.22"]
[Round "-"]
[White "ztnilz"]
[Black "ArnoBlack"]
[Result "0-1"]
[WhiteElo "1727"]
[BlackElo "2215"]

1. e4 c5 2. Nf3 d6 3. c3 Nf6 4. h3 Nc6 5. d3 e5 6. Be2 Bd7 7. O-O Be7 8. b3 O-O
9. Qc2 b5 10. a3 d5 11. exd5 Nxd5 12. Bb2 Nf4 13. Kh2 Bf5 14. Qd2 Nxe2 15. Qxe2
Bxd3 16. Qe1 e4 17. Rg1 exf3 18. gxf3 Bd6+ 0-1

[Event "Challenge"]
[Site "http://www.queenalice.com/game.php?id=1509008"]
[Date "2017.12.22"]
[Round "-"]
[White "ArnoBlack"]
[Black "ztnilz"]
[Result "1-0"]
[WhiteElo "2214"]
[BlackElo "1726"]

1. e4 d6 2. d4 c6 3. c4 e6 4. Nc3 d5 5. exd5 exd5 6. cxd5 cxd5 7. Nf3 Be7 8.
Bb5+ Nc6 9. Ne5 Bd7 10. Qa4 Qc8 11. Nxd5 Nxe5 12. dxe5 Bxb5 13. Qxb5+ Kd8 14.
Be3 a6 15. Bb6+ 1-0

[Event "AUTO-MASTER-2704"]
[Site "http://www.queenalice.com/game.php?id=1519730"]
[Date "2018.3.15"]
[Round "1"]
[White "ArnoBlack"]
[Black "avinuvenkis"]
[Result "1-0"]
[WhiteElo "2261"]
[BlackElo "2244"]

1. d4 Nf6 2. c4 e6 3. Nf3 d5 4. Bg5 h6 5. Bh4 Bb4+ 6. Nfd2 c5 7. cxd5 exd5 8. a3
Bxd2+ 9. Nxd2 cxd4 10. Qa4+ Nc6 11. b4 Qb6 12. Bxf6 gxf6 13. Rd1 O-O 14. Nf3 a6
15. Qb3 Be6 16. Qb2 1-0

[Event "AUTO-MASTER-2704"]
[Site "http://www.queenalice.com/game.php?id=1519731"]
[Date "2018.3.15"]
[Round "1"]
[White "avinuvenkis"]
[Black "ArnoBlack"]
[Result "0-1"]
[WhiteElo "2256"]
[BlackElo "2249"]

1. d4 d6 2. c4 Nf6 3. Nc3 g6 4. e4 Bg7 5. Nf3 O-O 6. Be2 c6 7. O-O c5 8. d5 e5
9. Be3 Na6 10. a3 Bd7 11. Ne1 Ne8 12. Qd2 f5 13. exf5 Rxf5 14. Nf3 Qe7 15. Ng5
Rf8 0-1

[Event "AUTO-MASTER-2704"]
[Site "http://www.queenalice.com/game.php?id=1519732"]
[Date "2018.3.15"]
[Round "1"]
[White "ArnoBlack"]
[Black "jovelino"]
[Result "1/2-1/2"]
[WhiteElo "2284"]
[BlackElo "2211"]

1. d4 Nf6 2. c4 c5 3. e3 g6 4. Nf3 Bg7 5. d5 b5 6. cxb5 a6 7. bxa6 O-O 8. Nc3 d6
9. e4 Nbd7 10. a3 Qb6 11. Bd3 Bxa6 12. O-O Rfb8 13. Rb1 Ng4 14. Bg5 Kf8 15. h3
Nge5 16. Bxa6 Qxa6 17. Nd2 Nd3 18. Qc2 c4 19. Be3 N7c5 20. Nd1 Qa4 21. Qxc4 Nxb2
22. Nxb2 Rxb2 23. Rxb2 Bxb2 24. Rb1 Qxa3 25. Qb5 Na4 26. Bh6+ Kg8 27. Qb7 Re8
28. Qd7 Ra8 29. Qxe7 Nc3 30. Nc4 Ne2+ 31. Kf1 Qd3 32. Nd2 Nf4+ 33. Kg1 Qxd2 34.
Qb7 Re8 35. Qb5 Rc8 36. Qb7 Rd8 37. Qxb2 Nxh3+ 38. gxh3 Qxh6 39. Qf6 Rf8 40. Kg2
Qh5 41. Qxd6 Qg5+ 42. Qg3 Qe7 43. e5 Re8 44. Re1 Qb7 45. Qf3 Qb4 46. Qe4 Qxe4+
47. Rxe4 Kf8 48. d6 Rd8 49. f4 Rb8 50. h4 Rb3 51. h5 gxh5 52. f5 Rd3 53. f6 Ke8
54. Kf1 Rd5 55. Ke2 Kd7 56. Ke3 Ke6 57. Kf2 Rd3 58. Ke1 Rd5 59. Kf2 Rd3 60. Ke1
h6 61. Ke2 Rd5 62. Kf1 Rd2 63. Ke1 Rd5 64. Kf2 Rd3 65. Ke1 Rd5 66. Kf2 Rd3 67.
Ke1 1/2-1/2

[Event "AUTO-MASTER-2704"]
[Site "http://www.queenalice.com/game.php?id=1519733"]
[Date "2018.3.15"]
[Round "1"]
[White "jovelino"]
[Black "ArnoBlack"]
[Result "0-1"]
[WhiteElo "2260"]
[BlackElo "2272"]

1. Nf3 d6 2. d4 Bg4 3. e4 Nf6 4. Nc3 Nc6 5. Be3 e5 6. d5 Ne7 7. Be2 Ng6 8. Nd2
Bd7 9. O-O Be7 10. a4 O-O 11. Ncb1 c6 12. c4 Qa5 13. Nc3 Qc7 14. b4 Nf4 15. Bxf4
exf4 16. Rc1 Rae8 17. Nf3 h6 18. Qd2 g5 19. Rfe1 Bd8 20. Bd3 g4 21. Nd4 Qb6 22.
Nc2 g3 23. Qxf4 gxf2+ 24. Qxf2 Ng4 25. Qxb6 Bxb6+ 26. c5 dxc5 27. a5 Bc7 28. h3
cxb4 29. hxg4 bxc3 30. a6 cxd5 31. axb7 Bb6+ 32. Kh2 d4 33. Nb4 Rb8 34. Ba6 Bc7+
35. e5 f6 36. Bc4+ Kh8 37. Bd5 Bb5 38. Nc6 Bxc6 39. Bxc6 Bxe5+ 40. Kh3 d3 41.
Red1 d2 42. Rc2 Kg7 43. Be4 Rfe8 44. Ra2 Bf4 45. Bf3 Re3 46. Rc2 Rxb7 0-1

[Event "AUTO-MASTER-2704"]
[Site "http://www.queenalice.com/game.php?id=1519734"]
[Date "2018.3.15"]
[Round "1"]
[White "ArnoBlack"]
[Black "Vilnius"]
[Result "1-0"]
[WhiteElo "2241"]
[BlackElo "1971"]

1. d4 d5 2. Bg5 h6 3. Bh4 g5 4. Bg3 Nc6 5. Nc3 a6 6. e4 dxe4 7. d5 Na7 8. Qd4
Nf6 9. Nxe4 Bg7 10. O-O-O O-O 11. Nxf6+ Bxf6 12. Qe4 Bg7 13. f3 Qe8 14. h4 f6
15. Qc4 Kh8 16. Re1 Bf5 17. hxg5 fxg5 18. Be5 Rc8 19. g4 Bg6 20. Rxh6+ Kg8 21.
d6+ Bf7 22. Rg6 Bxc4 23. Rxg7+ Kh8 24. Rxe7+ Kg8 25. Bxc4+ Rf7 26. Bd4 Kf8 27.
Bxf7 Qxf7 28. Rxf7+ Kxf7 29. Re7+ Kf8 30. Bg7+ Kg8 31. d7 1-0

[Event "AUTO-MASTER-2704"]
[Site "http://www.queenalice.com/game.php?id=1519735"]
[Date "2018.3.15"]
[Round "1"]
[White "Vilnius"]
[Black "ArnoBlack"]
[Result "0-1"]
[WhiteElo "1992"]
[BlackElo "2245"]

1. e4 e6 2. d4 g6 3. e5 d6 4. Nc3 dxe5 5. dxe5 Qxd1+ 6. Nxd1 Nc6 7. Nf3 Bd7 8.
a3 Bg7 9. Bf4 O-O-O 10. Bd3 f6 11. exf6 Nxf6 12. Bg3 Nh5 13. c3 Na5 14. Ng5 Nb3
15. Rb1 Bc6 16. Bc2 Nd2 17. Rc1 Rd5 18. Nf3 Rhd8 19. Nxd2 Rxd2 20. O-O Re2 21.
Ne3 Nxg3 22. hxg3 Rdd2 23. Rcd1 Rxc2 24. Nxc2 Rxc2 25. Rb1 Bh6 26. f3 Bd5 27.
Kh2 Ba2 28. Ra1 Rxb2 29. f4 Bd5 30. Rg1 Rb3 31. Rgc1 Bg7 32. Ra2 Rxc3 33. Rac2
Rxc2 34. Rxc2 Bd4 35. g4 c5 36. Kg3 c4 37. Kh4 c3 38. Kg5 Bb3 39. Rc1 c2 40. Kh6
Be3 0-1

[Event "Challenge"]
[Site "http://www.queenalice.com/game.php?id=1556366"]
[Date "2019.1.12"]
[Round "-"]
[White "Jerzy"]
[Black "ArnoBlack"]
[Result "1/2-1/2"]
[WhiteElo "2214"]
[BlackElo "2290"]

1. d4 d5 2. Nf3 Nf6 3. e3 e6 4. c4 Be7 5. Nc3 O-O 6. Bd3 dxc4 7. Bxc4 c5 8. O-O
cxd4 9. exd4 Qc7 10. Qe2 Nc6 11. a3 Rd8 12. Rd1 Qa5 13. Bd3 Bd7 14. h3 Rac8 15.
Be3 Qh5 16. Ne5 Qxe2 17. Bxe2 Be8 18. Nxc6 Bxc6 19. Bd3 Bd6 20. Rac1 Nd5 21.
Nxd5 Bxd5 22. Rxc8 Rxc8 23. f4 g6 24. Kf2 h5 25. h4 Bb3 26. Re1 Kg7 27. g3 Rc6
28. Rc1 Rxc1 29. Bxc1 a6 30. Bd2 Bc7 31. Be4 Bd5 32. Bxd5 exd5 33. a4 Bb6 34.
Bc3 Kf6 35. Kf3 Bd8 36. Bd2 Ke6 37. Ke2 Bb6 38. Bc3 Kf5 39. Kf3 Bd8 40. Bd2 b6
41. b4 Bf6 42. Bc3 b5 43. axb5 axb5 44. Bb2 Be7 45. Bc3 Ke6 46. Ke2 Kf5 47. Kf3
f6 48. Bd2 g5 49. fxg5 fxg5 50. hxg5 Bxg5 51. Bxg5 Kxg5 52. Kf2 Kf5 53. Kf3 Kg5
54. Kf2 Kg4 55. Kg2 Kf5 56. Kf3 Kg5 1/2-1/2

[Event "Challenge"]
[Site "http://www.queenalice.com/game.php?id=1556367"]
[Date "2019.1.12"]
[Round "-"]
[White "ArnoBlack"]
[Black "Jerzy"]
[Result "1-0"]
[WhiteElo "2280"]
[BlackElo "2224"]

1. g3 d5 2. Bg2 Nf6 3. c4 e6 4. Nf3 c6 5. Qc2 Bd6 6. d4 O-O 7. O-O Nbd7 8. Nbd2
Re8 9. e4 dxe4 10. Nxe4 Nxe4 11. Qxe4 Nf6 12. Qc2 h6 13. Bd2 e5 14. dxe5 Bxe5
15. Nxe5 Rxe5 16. Bc3 Re8 17. Rad1 Nd7 18. Qd3 Qc7 19. Rfe1 Rxe1+ 20. Rxe1 Nf8
21. Re8 c5 22. Be4 1-0

[Event "Let's Play Chess!"]
[Site "http://www.queenalice.com/game.php?id=1557414"]
[Date "2019.1.19"]
[Round "-"]
[White "igorjava"]
[Black "ArnoBlack"]
[Result "0-1"]
[WhiteElo "2089"]
[BlackElo "2288"]

1. e4 e5 2. f4 c6 3. Nf3 exf4 4. d4 g5 5. h3 Nf6 6. Nc3 Nh5 7. Ne2 d5 8. e5 Be7
9. Qd3 b6 10. c4 dxc4 11. Qxc4 Ba6 12. Qc2 Bxe2 13. Bxe2 Ng3 14. Rg1 f6 15. Bd2
Nxe2 16. Kxe2 Qd7 17. Rad1 Qd5 18. a3 O-O 19. Rge1 f5 20. Rh1 Qe4+ 21. Qxe4 fxe4
22. Nh2 Na6 23. Rc1 Rac8 24. Rc2 Nc7 25. Rxc6 Nb5 26. Rxc8 Rxc8 27. Rc1 Nxd4+
28. Kd1 Rxc1+ 29. Kxc1 h5 30. Bc3 Ne2+ 31. Kd2 Ng3 32. Bd4 Nf5 33. Kc3 Kf7 34.
Kc4 Ke6 35. b4 Ne3+ 36. Bxe3 fxe3 37. Kc3 g4 38. hxg4 Bg5 39. gxh5 Kxe5 40. g3
e2 0-1